Podział administracyjny Kanady-Quiz - Statystyki

Ogólne statystyki
  • Ten quiz został rozwiązany 748 razy
  • Średni wynik to 8 z 13
Odpowiedzi na mapie
Odpowiedzi zakodowano w zielono-czerwonej skali na mapie do tego quizu, zgodnie z poniższymi procentami.
 
Statystyki odpowiedzi
Odpowiedź % Poprawnych
Quebec
77%
Wyspa Księcia Edwarda
71%
Brytyjska Kolumbia
66%
Ontario
65%
Nowa Fundlandia
64%
Północno - zachodnie terytoria
63%
Nowa Szkocja
56%
Jukon
54%
Alberta
53%
Nunavut
53%
Nowy Brunszwik
52%
Saskatchewan
48%
Manitoba
45%
Nie znaleziono quizów pasujących do podanych kryteriów
Rozkład punktacji
Procent ludzi z każdym wynikiem
Percentyl według liczby udzielonych odpowiedzi
Twoja historia wyników
Nie rozwiązałeś tego quizu